000 00455nam a2200157 i 4500
001 31541
003 ES-MaACL
005 20230906154411.0
007 t|
008 030129s1932 sp ||||1| spa d
100 1 _aBelausteguigoitia, Ramón de.
_927128
245 1 0 _aReparto de tierras y producción nacional /
_cpor Ramón de Belausteguigoitia.
260 _aMadrid :
_bEspasa Calpe,
_c1932.
300 _a264 p. ;
_c19 cm.
852 _aES-MaACL
_jA-3327
999 _c31541
_d31541